Paesi senza serpenti - Statistics

Statistiche generali
  • Questo quiz è stato fatto 207 volte
  • Il punteggio medio è 4 su 9
Statistiche sulle risposte
Paesi % Corretto
Islanda
73%
Vaticano
68%
Irlanda
48%
Nauru
44%
Tuvalu
41%
Isole Marshall
38%
Kiribati
33%
Nuova Zelanda
27%
Capo Verde
19%
Nessun quiz corrispondente trovato
Distribuzione punteggi
Percentuale di utenti per punteggio
Percentile per numero di risposta
I tuoi punteggi nel tempo
Non hai fatto questo quiz